Open Data Biblioteca Nacional de Portugal


República Portuguesa: Ministério da Cultura
Biblioteca Nacional de Portugal

Catálogo da BNP: acesso por Identificadores Unívocos
Registos Bibliográficos associados ao registo de autoridade

Etiqueta de registo: 00254nam 2200025 450
001 2280433
003 http://id.bnportugal.gov.pt/bib/catbnp/2280433
100 ## $a20260316d2025 k y0pory01030103ba
101 0# $aeng$dpor
102 ## $aPT
105 ## $aa m 000yy
106 ## $ar
200 1# $aOn the modulation of adult brain plasticity$e a strategy to improve human neuroepithelial stem cells migration, differentiation, and functional integration upon cerebellar transplantation in Machado-Joseph Disease$fDaniel Alexandre Sousa Henriques$gorient. Liliana Simões Mendonça, Luís Fernando Morgado Pereira de Almeida, Agnete Kirkeby
210 #9 $aCoimbra$c[s.n.],$d2025
215 ## $aXXX, 209 p.$cil.$d30 cm
328 #1 $aTese dout. Biologia Experimental e Biomedicina (Neurociências e Doença), Instituto de Investigação Interdisciplinar da Universidade de Coimbra, 2025
700 #1 $aHenriques,$bDaniel Alexandre Sousa$31991492
702 #1 $aMendonça,$bLiliana Simões$4727$31963349
702 #1 $aAlmeida,$bLuís Pereira de$4727$31495144
702 #1 $aKirkeby,$bAgnete$4727$31991491
801 #0 $aPT$bBN$gRPC
966 ## $lBN$mFGMON$x1
971 ## $cisantos$d20260316

OpendataBNP@bnportugal.pt | Mais informação sobre acesso aos dados BNP